000 00672nam a2200241Ia 4500
003 OSt
005 20220926030255.0
006 a|||||r|||| 00| 0
007 ta
008 220923b |||||||| |||| 00| 0 eng d
037 _cGeneral Book
040 _aRTL
_cRTL
_beng
041 _2eng
_aeng
082 _aX:87, L3
100 _aRudkin Donald A.
_9333956
245 0 _aPrinciples of supervision
260 _aPhilaelphia
_bAuerbach
_c1973
300 _a116p. Bib p 112-113
_ccm.
650 _aExecutive
_9233834
700 _a Veal Fred D.
_9333957
942 _hX:87, L3
_cGB
_2CC
999 _c649165
_d649165